| 000 | 00712nam a22002177a 4500 | ||
|---|---|---|---|
| 999 |
_c8128 _d8128 |
||
| 003 | AR-CdUCM | ||
| 008 | 190322b ||||| |||| 00| 0 spa d | ||
| 040 |
_aMUNICIPALIDAD PROVINCIAL DEL CUSCO _cBIBLIOTECA MUNICIPAL DEL CUSCO |
||
| 082 |
_a539.77 / _bM36 |
||
| 100 |
_aMedina Tapia, Edilberto _922951 |
||
| 245 | _aElemento de física atómica / | ||
| 260 |
_aCusco : _bConcytec, _c1992. |
||
| 300 |
_a162 páginas ; _c21 cm. |
||
| 505 | _aContenido : Introducción a la relatividad especial -- Introducción a la física atómica ... | ||
| 650 |
_aFisica _92382 |
||
| 650 |
_aAtómica _922952 |
||
| 650 |
_aCiencia _92098 |
||
| 700 |
_aAndrade Valdivia, Julia _922953 |
||
| 942 |
_2ddc _cLIBROS |
||
| 945 | _arah | ||